000 01081nam0a2200265 4500
001 RU\NLR\BIBL_A\022518407
005 20250810081336.0
035 _a(NLR Aleph) 022518407
090 _a13397084
_c13397084
100 _a20250410d1941 m y0rusy50 ca
101 0 _atuk
102 _aTM
105 _ay z 000yy
181 0 _ai
_baxxe
182 0 _an
200 1 _aТуркменистан ССР-и боюнча оба хоҗалык экинлериниӊ хасылыны ве малдарчылыгыӊ ѳнүмлилигини ёкарыландырмак угрында
_fТССР Ер Халк Комиссарлыгы
203 _aТекст
_bвизуальный
_cнепосредственный
210 _aАшгабат
_cБирлешен Түркмендѳвлет нешрияты
_d1941
215 _a30 с.
_d22
541 1 _aО дополнительной оплате труда колхозников
_zrus
942 _cBOOK
945 _aРоссийская национальная библиотека
980 _aBV
980 _aNB